Christian coaching : (Record no. 10969)
[ view plain ]
| 000 -LEADER | |
|---|---|
| fixed length control field | 02053cam a2200313 a 4500 |
| 001 - CONTROL NUMBER | |
| control field | 15647876 |
| 003 - CONTROL NUMBER IDENTIFIER | |
| control field | GBCCL |
| 005 - DATE AND TIME OF LATEST TRANSACTION | |
| control field | 20251105140827.0 |
| 008 - FIXED-LENGTH DATA ELEMENTS--GENERAL INFORMATION | |
| fixed length control field | 090305s2009 coua b 001 0 eng |
| 020 ## - INTERNATIONAL STANDARD BOOK NUMBER | |
| International Standard Book Number | 9781600063619 |
| 035 ## - SYSTEM CONTROL NUMBER | |
| System control number | 15647876 |
| 040 ## - CATALOGING SOURCE | |
| Original cataloging agency | DLC |
| Transcribing agency | DLC |
| Modifying agency | DLC |
| 082 00 - DEWEY DECIMAL CLASSIFICATION NUMBER | |
| Classification number | 253.5 |
| Edition information | 22 |
| Item number | COL 1 |
| 100 1# - MAIN ENTRY--PERSONAL NAME | |
| Personal name | Collins, Gary R. |
| 245 10 - TITLE STATEMENT | |
| Title | Christian coaching : |
| Remainder of title | helping others turn potential into reality / |
| Statement of responsibility, etc. | Gary R. Collins. |
| 250 ## - EDITION STATEMENT | |
| Edition statement | Rev., 2nd ed. |
| 260 ## - PUBLICATION, DISTRIBUTION, ETC. | |
| Place of publication, distribution, etc. | Colorado Springs, CO : |
| Name of publisher, distributor, etc. | NavPress, |
| Date of publication, distribution, etc. | 2009. |
| 300 ## - PHYSICAL DESCRIPTION | |
| Extent | 411 p. : |
| Other physical details | ill. ; |
| Dimensions | 24 cm. |
| 336 ## - CONTENT TYPE | |
| Content type term | text |
| Content type code | txt |
| Source | rdacontent |
| 337 ## - MEDIA TYPE | |
| Media type term | unmediated |
| Media type code | n |
| Source | rdamedia |
| 338 ## - CARRIER TYPE | |
| Carrier type term | volume |
| Carrier type code | nc |
| Source | rdacarrier |
| 504 ## - BIBLIOGRAPHY, ETC. NOTE | |
| Bibliography, etc. note | Includes bibliographical references and index. |
| 505 ## - FORMATTED CONTENTS NOTE | |
| Formatted contents note | What is coaching?<br/>What makes a good coach?<br/>Coaching: it's all about change<br/>Coaching: it's a lot about leadership<br/>The coaching relationship<br/>The coaching skills: listening, questioning, responding<br/>Coaching models and issues<br/>Getting in touch with the present<br/>Getting in touch with the person<br/>Clarifying the vision<br/>Moving with a mission<br/>Coaching for action: goal setting and strategies<br/>Coaching through obstacles<br/>Transitions and life coaching<br/>Relationship and marriage coaching<br/>Career coaching<br/>Executive and business coaching<br/>Churches, spirituality, and coaching<br/>The profession and business of coaching<br/>Crossing cultures in coaching<br/>The challenges of coaching<br/>The future of coaching<br/>Appendixes. Graph of life<br/>Evaluating coaching potential<br/>Coaching facts<br/>Coaching agreement<br/>"Getting to know you" personal information form<br/>Identifying values<br/>What are your spiritual gifts?<br/>Clarifying your mission statement<br/>Writing a ten-year letter<br/>Energy drainers<br/>Finding a coach |
| 650 #0 - SUBJECT ADDED ENTRY--TOPICAL TERM | |
| Topical term or geographic name entry element | Mentoring in church work. |
| 906 ## - LOCAL DATA ELEMENT F, LDF (RLIN) | |
| a | 7 |
| b | cbc |
| c | orignew |
| d | 1 |
| e | ecip |
| f | 20 |
| g | y-gencatlg |
| 942 ## - ADDED ENTRY ELEMENTS (KOHA) | |
| Source of classification or shelving scheme | Dewey Decimal Classification |
| Koha item type | Books |
| Suppress in OPAC | No |
| Withdrawn status | Lost status | Source of classification or shelving scheme | Damaged status | Not for loan | Home library | Current Library | Shelving location | Date acquired | Total checkouts | Full call number | Barcode | Date last seen | Copy number | Price effective from | Koha item type |
|---|---|---|---|---|---|---|---|---|---|---|---|---|---|---|---|
| Dewey Decimal Classification | GRACE BIBLE COLLEGE | GRACE BIBLE COLLEGE | Ministry & Mission | 2025-11-05 | 253.5 COL | 017236 | 2025-11-05 | c.1 | 2025-11-05 | Books |